MARC details
| 000 -CABECERA |
| campo de control de longitud fija |
01798nam a2200349 i 4500 |
| 001 - NÚMERO DE CONTROL |
| campo de control |
991061727874006706 |
| 003 - IDENTIFICADOR DEL NÚMERO DE CONTROL |
| campo de control |
ES-BaIT |
| 005 - FECHA Y HORA DE LA ÚLTIMA TRANSACCIÓN |
| campo de control |
20260302073750.0 |
| 008 - DATOS DE LONGITUD FIJA--INFORMACIÓN GENERAL |
| campo de control de longitud fija |
251021e202509 fr r 000 1 fre d |
| 020 ## - NÚMERO INTERNACIONAL ESTÁNDAR DEL LIBRO |
| Número Internacional Estándar del Libro |
9782749816944 |
| 040 ## - FUENTE DE LA CATALOGACIÓN |
| Centro catalogador/agencia de origen |
ES-BaIT |
| Lengua de catalogación |
cat |
| Normas de descripción |
rda |
| Centro/agencia transcriptor |
ES-BaIT |
| 080 ## - NÚMERO DE LA CLASIFICACIÓN DECIMAL UNIVERSAL |
| Número de la Clasificación Decimal Universal |
840-2"20" |
| 100 1# - ENTRADA PRINCIPAL--NOMBRE DE PERSONA |
| Nombre de persona |
Ami, Caroline |
| Término indicativo de función/relación |
autor |
| 9 (RLIN) |
168751 |
| 245 10 - MENCIÓN DE TÍTULO |
| Título |
ADN / |
| Mención de responsabilidad, etc. |
Caroline Ami & Flavie Péan |
| 264 #1 - PRODUCCIÓN, PUBLICACIÓN, DISTRIBUCIÓN, FABRICACIÓN Y COPYRIGHT |
| Producción, publicación, distribución, fabricación y copyright |
Paris : |
| Nombre del de productor, editor, distribuidor, fabricante |
L'avant-scène théâtre, |
| Fecha de producción, publicación, distribución, fabricación o copyright |
septembre 2025 |
| 300 ## - DESCRIPCIÓN FÍSICA |
| Extensión |
91 pàgines ; |
| Dimensiones |
21 cm |
| 336 ## - TIPO DE CONTENIDO |
| Término de tipo de contenido |
text |
| Código de tipo de contenido |
txt |
| Fuente |
rdacontent |
| 337 ## - TIPO DE MEDIO |
| Nombre/término del tipo de medio |
sense mediació |
| Código del tipo de medio |
n |
| Fuente |
rdamedia |
| 338 ## - TIPO DE SOPORTE |
| Nombre/término del tipo de soporte |
volum |
| Código del tipo de soporte |
nc |
| Fuente |
rdacarrier |
| 490 1# - MENCIÓN DE SERIE |
| Mención de serie |
L'Avant-scène théâtre ; |
| Designación de volumen o secuencia |
no 1581 |
| 500 ## - NOTA GENERAL |
| Nota general |
P11: D6, H5 i altres |
| 500 ## - NOTA GENERAL |
| Nota general |
Publicat com no 1581 (septembre 2025) de la revista L'Avant-scène théâtre |
| 500 ## - NOTA GENERAL |
| Nota general |
Estrena Théâtre Michel el 3 d'octubre en 2024 |
| 520 ## - SUMARIO, ETC. |
| Sumario, etc. |
"24 décembre 2014, aux États-Unis. À la suite d'un test ADN, Tomas découvre qu'il n'est pas le père de son bébé mais son oncle, alors qu'il n'a jamais eu de frère. Du moins, pas à sa connaissance. Le jour où sa mère est prête à lui faire des révélations, Tomas la retrouve assassinée. Il est immédiatement suspecté du meurtre. Une course folle s'engage dans les rues d'une ville tentaculaire, pour échapper à la police, faire la lumière sur le crime et comprendre les secrets du passé. Un thriller haletant, basé sur des faits réels, dans une mise en scène étourdissante d'audace et créativité"-- Contracoberta |
| 650 #0 - PUNTO DE ACCESO ADICIONAL DE MATERIA--TÉRMINO DE MATERIA |
| Término de materia o nombre geográfico como elemento de entrada |
Paternitat |
| Subdivisión de forma |
Textos dramàtics |
| 9 (RLIN) |
166437 |
| 650 #0 - PUNTO DE ACCESO ADICIONAL DE MATERIA--TÉRMINO DE MATERIA |
| Término de materia o nombre geográfico como elemento de entrada |
Secrets de família |
| Subdivisión de forma |
Textos dramàtics |
| 9 (RLIN) |
168752 |
| 700 1# - ENTRADA AGREGADA--NOMBRE PERSONAL |
| Nombre de persona |
Péan, Flavie |
| Término indicativo de función/relación |
autor |
| 9 (RLIN) |
168753 |
| 830 ## - PUNTO DE ACCESO ADICIONAL DE SERIE-TÍTULO UNIFORME |
| Título uniforme |
Avant-scène. |
| Nombre de parte o sección de la obra |
Théâtre |
| Designación de volumen o secuencia |
no 1581 |
| 9 (RLIN) |
168170 |
| 908 ## - COLOCAR PARÁMETRO DE COMANDO (RLIN) |
| Colocar parámetro de comando |
CDMAE |
| 940 ## - EQUIVALENCIA O REFERENCIA-CRUZADA--TÍTULO UNIFORME [OBSOLETO] [solamente CAN/MARC] |
| Título uniforme |
<a href="CDMAE">CDMAE</a> |
| 942 ## - ELEMENTOS DE ENTRADA AGREGADA (KOHA) |
| Fuente del sistema de clasificación o colocación |
Clasificación decimal universal |
| Tipo de ítem Koha |
Llibre |